|
|
|
|
| LEADER |
00000nab a2200000 a 4500 |
| 001 |
vtls000178997 |
| 003 |
SK-MaSNL |
| 005 |
20260303184041.0 |
| 008 |
140506c1984 xo 0 slo |
| 015 |
|
|
|a SNBRB19rr/mm-uuuuu
|
| 035 |
|
|
|a CL0189110
|
| 040 |
|
|
|a SNKBUCL
|b slo
|c SNKBUCL
|e AACR2
|
| 041 |
0 |
|
|a slo
|
| 044 |
|
|
|a xo
|c SK
|
| 080 |
|
|
|a 378.663
|2 1981
|
| 100 |
1 |
|
|a Fried, Karol,
|d 1922-1998
|4 aut
|9 38892
|
| 245 |
1 |
0 |
|a Tridsaťpäť rokov Vysokej školy veterinárskej v Košiciach
|c K. J. Fried
|
| 300 |
|
|
|b Obr. 3.
|
| 610 |
2 |
7 |
|a Vysoká škola veterinárska v Košiciach
|2 snkbucl
|9 183502
|
| 655 |
|
7 |
|a články z novín a časopisov
|2 snkbucl
|9 267496
|
| 773 |
0 |
|
|t Vlastivedný časopis
|g Roč. 33, č. 2 (1984), s. 82-84
|
| 850 |
|
|
|a Slovenská národná knižnica v Martine
|a MTA001
|
| 852 |
|
|
|a SNK
|b KIS3GCP
|
| 957 |
|
|
|a 5403
|
| 958 |
|
|
|a RK
|
| 992 |
|
|
|a RBX
|
| 999 |
|
|
|c 2124671
|d 2126601
|